| 000 | 00712nam a22002297a 4500 | ||
|---|---|---|---|
| 005 | 20170124105930.0 | ||
| 010 | _aB-019371 | ||
| 020 |
_c00.00 _a8173913382 |
||
| 035 | _aB-019371 | ||
| 037 | _bCen Lib/Ret | ||
| 040 |
_aDPL _bEN |
||
| 082 |
_a304.640954 _bNAG |
||
| 100 |
_aNagi, B.S. _98106 |
||
| 245 |
_aChild survival and safe motherhood : _cby B.S.Nagi _bexperiences from India / |
||
| 260 |
_aNew Delhi _bKanishka publishers _c2000 |
||
| 270 |
_a467/5-21A,Ansari road Darya Ganj _bNew Delhi _e110002 |
||
| 300 |
_axv,224p. : _c21cm(Hb) _bill. |
||
| 500 | _aIncludes index | ||
| 650 |
_aMotherhood _98107 |
||
| 650 |
_aChildren--Mortality _98108 |
||
| 942 |
_2ddc _cEN _h304.640954 _mNAG |
||
| 999 |
_c123807 _d123807 |
||